Handbook of Fibre Glass Moulding / (Record no. 564728)

000 -LEADER
fixed length control field 00382nam a2200133Ia 4500
008 - FIXED-LENGTH DATA ELEMENTS--GENERAL INFORMATION
fixed length control field 210430s9999 xx 000 0 und d
020 ## - INTERNATIONAL STANDARD BOOK NUMBER
International Standard Book Number 978-8186732946
082 ## - DEWEY DECIMAL CLASSIFICATION NUMBER
Classification number 693.54 E359 H
100 ## - MAIN ENTRY--PERSONAL NAME
Personal name EIRI Consultants and Engineers
9 (RLIN) 129004
245 ## - TITLE STATEMENT
Title Handbook of Fibre Glass Moulding /
Statement of responsibility, etc. Eiri Consultants
260 ## - PUBLICATION, DISTRIBUTION, ETC.
Place of publication, distribution, etc. India
Name of publisher, distributor, etc. Sudhir Gupta
Date of publication, distribution, etc. 2010
300 ## - PHYSICAL DESCRIPTION
Extent 182p
942 ## - ADDED ENTRY ELEMENTS (KOHA)
Koha item type Book
Source of classification or shelving scheme
Holdings
Withdrawn status Lost status Damaged status Not for loan Collection code Permanent Location Current Location Shelving location Date acquired Total Checkouts Full call number Barcode Date last seen Price effective from Koha item type
          School of Chemical & Materials Engineering (SCME) School of Chemical & Materials Engineering (SCME) General Stacks     693.54 E359 H SCME-3948 04/30/2021 04/30/2021 Book
© 2023 Central Library, National University of Sciences and Technology. All Rights Reserved.